Návrh zdokonalenia systému riadenia kariéry v podniku ŽOS Trnava, a.s.

Enregistré dans:
Détails bibliographiques
Auteur principal: Omasta, Tibor, 1990- (Auteur)
Autres auteurs: Čambál, Miloš, 1966- (Directeur de thèse)
Format: Manuscrit Livre
Langue:slovaque
Publié: 2015
Sujets:
Accès en ligne:http://is.stuba.sk/zp/portal_zp.pl?podrobnosti=109813
Tags: Ajouter un tag
Pas de tags, Soyez le premier à ajouter un tag!

MARC

LEADER 00000ntm a22000003a 4500
001 stuzp50096
003 SK-STU
005 20160719153442.9
007 ta
008 150427s2015----xo-----f-mn---000-0-slo-d
040 |a STU  |b slo 
041 0 |a slo 
100 1 |a Omasta, Tibor,  |d 1990-  |u 064000  |4 aut  |U MTF Materiálovotechnologická fakulta  |T MTF Ústav priemyselného inžinierstva a manažmentu  |X 69264  |U M4000  |Y 84  |7 A000069264 
242 0 1 |a Proposal for improvement of career management in the company ŽOS Trnava, a.s.  |y eng 
245 1 0 |a Návrh zdokonalenia systému riadenia kariéry v podniku ŽOS Trnava, a.s. 
260 |c 2015 
650 4 |a kariéra  |2 slo 
650 4 |a proces riadenia kariéry  |2 slo 
650 4 |a osobný rozvoj  |2 slo 
650 4 |a career  |2 eng 
650 4 |a career management proces  |2 eng 
650 4 |a personal development  |2 eng 
700 1 |a Čambál, Miloš,  |d 1966-  |4 ths  |X 279  |7 A000000279 
856 4 |u http://is.stuba.sk/zp/portal_zp.pl?podrobnosti=109813 
996 |c M* DP-12213  |l MMSKP  |s P  |a 0  |w stuzp50096_0001 
SQL |a stuzp50096  |b DDP  |c SLO  |d Návrh zdokonalenia systému riadenia kariéry v podniku ŽOS Trnava, a.s.  |e 69264  |f Omasta, Tibor  |g 064000  |h 279  |i Čambál, Miloš  |j 20150601  |k 189  |l 06  |m http://is.stuba.sk/zp/portal_zp.pl?podrobnosti=109813  |n I-PMA  |o 5.2.52. priemyselné inžinierstvo